[Event "Medellin Sub zt 2.3.2"]
[Site "Medellin"]
[Date "2025.04.18"]
[Round "8"]
[White "Pilonieta Forero, Andres Felipe"]
[Black "Tobar Beltran, Jorge Esteban"]
[Result "1-0"]
[WhiteElo "1874"]
[BlackElo "2013"]
[PlyCount "99"]
[EventDate "2025.04.14"]
[EventType "swiss"]
[EventRounds "9"]
[EventCountry "COL"]
[SourceTitle "CB18_2025"]
[SourceDate "2025.04.30"]
[SourceVersion "1"]
[SourceVersionDate "2025.04.30"]
[SourceQuality "1"]

1. e4 e6 2. d4 d5 3. Nd2 c5 4. Ngf3 Nf6 5. exd5 exd5 6. Bb5+ Bd7 7. Qe2+ Be7 8. dxc5 0-0 9. Nb3 Re8 10. Be3 a6 11. Bxd7 Nbxd7 12. Qd3 Nxc5 13. Nxc5 Bxc5 14. Nd4 Bxd4 15. Qxd4 Re4 16. Qd2 d4 17. 0-0-0 Qd5 18. Bxd4 Qxa2 19. b3 Rc8 20. Bc3 Ree8 21. Rhe1 Ne4 22. Qd4 Nxc3 23. Qxc3 Qa3+ 24. Kb1 h6 25. Rxe8+ Rxe8 26. Re1 Rxe1+ 27. Qxe1 Qf8 28. Qe5 Qc8 29. f3 Qc6 30. h4 b5 31. h5 a5 32. Qb8+ Kh7 33. Qf4 Qd5 34. Qe4+ Qxe4 35. fxe4 Kg8 36. b4 axb4 37. Kb2 g5 38. Kb3 f5 39. exf5 g4 40. Kxb4 Kf7 41. Kxb5 Kf6 42. c4 Kxf5 43. c5 Kf4 44. c6 Kg3 45. c7 Kxg2 46. c8Q g3 47. Qc6+ Kh2 48. Qxh6 g2 49. Qd2 Kh1 50. Qxg2+ 1-0

[Event "Medellin Sub zt 2.3.2"]
[Site "Medellin"]
[Date "2025.04.14"]
[Round "1"]
[White "Tobar Beltran, Jorge Esteban"]
[Black "Paniagua, Fabio de Jesus"]
[Result "1/2-1/2"]
[WhiteElo "2013"]
[BlackElo "1692"]
[PlyCount "63"]
[EventDate "2025.04.14"]
[EventType "swiss"]
[EventRounds "9"]
[EventCountry "COL"]
[SourceTitle "CB18_2025"]
[SourceDate "2025.04.30"]
[SourceVersion "1"]
[SourceVersionDate "2025.04.30"]
[SourceQuality "1"]

1. d4 Nf6 2. Bg5 d5 3. e3 Bf5 4. Nf3 e6 5. c4 Be7 6. Qb3 b6 7. Nc3 dxc4 8. Bxc4 0-0 9. 0-0 Nbd7 10. Rfd1 c6 11. Nh4 Bg4 12. Be2 Bxe2 13. Nxe2 Nd5 14. Bxe7 Qxe7 15. Nf3 Rfc8 16. e4 N5f6 17. Ng3 c5 18. d5 exd5 19. exd5 Ne5 20. Re1 Nxf3+ 21. Qxf3 Qd7 22. Nf5 Re8 23. d6 Rxe1+ 24. Rxe1 Re8 25. Ne7+ Kf8 26. Qd3 Rd8 27. Nf5 g6 28. Ne3 Qxd6 29. Qa6 Qd7 30. h3 h6 31. Qa3 Ne8 32. Qd3 1/2-1/2

[Event "Popayan Yeika op 1st"]
[Site "Popayan"]
[Date "2024.10.13"]
[Round "5"]
[White "Tobar Beltran, Jorge Esteban"]
[Black "Caceres, Elvio"]
[Result "1-0"]
[WhiteElo "1985"]
[BlackElo "1614"]
[PlyCount "55"]
[EventDate "2024.10.11"]
[EventType "swiss"]
[EventRounds "7"]
[EventCountry "COL"]
[SourceTitle "CB43_2024"]
[Source "Chessbase"]
[SourceDate "2024.10.23"]
[SourceVersion "1"]
[SourceVersionDate "2024.10.23"]
[SourceQuality "1"]

1. d4 c5 2. d5 d6 3. Nc3 g6 4. e4 Bg7 5. Nf3 Bg4 6. Be2 Nd7 7. Nd2 Bxe2 8. Qxe2 Qa5 9. Qe3 Bd4 10. Qh3 Ngf6 11. 0-0 b5 12. a4 Bxc3 13. bxc3 bxa4 14. Nc4 Qa6 15. Qd3 0-0 16. Bg5 Nb6 17. Bxf6 Qxc4 18. Bxe7 Rfe8 19. Bxd6 Qxe4 20. Bxc5 Nxd5 21. Bd4 Nf4 22. Qxe4 Rxe4 23. Rfe1 Rae8 24. Rxe4 Rxe4 25. Kf1 Nd5 26. Rxa4 Nxc3 27. Rc4 Rxd4 28. Rxd4 1-0

[Event "Juegos Univers 31st blitz op"]
[Site "Pereira"]
[Date "2024.10.03"]
[Round "14"]
[White "Tobar Beltran, Jorge Esteban"]
[Black "Campos Perilla, Felix Santiago"]
[Result "1-0"]
[WhiteElo "1985"]
[BlackElo "1773"]
[PlyCount "77"]
[EventDate "2024.10.02"]
[EventType "swiss"]
[EventRounds "14"]
[EventCountry "COL"]
[SourceTitle "EXT 2025"]
[Source "ChessBase"]
[SourceDate "2024.10.14"]
[SourceVersion "1"]
[SourceVersionDate "2024.10.14"]
[SourceQuality "1"]

1. d4 f5 2. Bg5 d6 3. e3 g6 4. h4 h6 5. Bf4 Bg7 6. Bc4 Nf6 7. Nf3 e6 8. Nbd2 b6 9. Qe2 Ne4 10. Nxe4 fxe4 11. Nd2 0-0 12. Bb3 d5 13. f3 exf3 14. gxf3 Kh7 15. c3 Ba6 16. Qg2 Bd3 17. 0-0-0 c5 18. Rhg1 Nd7 19. Ne4 Bxe4 20. fxe4 Qe8 21. e5 Rf5 22. Bc2 Qf7 23. Bxf5 exf5 24. dxc5 Nxc5 25. Qxd5 Qf8 26. e6 Re8 27. Be5 Rxe6 28. Bxg7 Kxg7 29. b4 Rxe3 30. Qd4+ Qf6 31. Qxe3 Ne4 32. Qd4 Nxc3 33. Qxf6+ Kxf6 34. Rd6+ Ke5 35. Rgxg6 Nxa2+ 36. Kb2 Nxb4 37. Rxh6 Nd5 38. Rxd5+ Kxd5 39. Rh7 1-0

[Event "Juegos Univers 31st blitz op"]
[Site "Pereira"]
[Date "2024.10.02"]
[Round "4"]
[White "Ospina Castro, Santiago"]
[Black "Tobar Beltran, Jorge Esteban"]
[Result "1-0"]
[WhiteElo "2138"]
[BlackElo "1985"]
[PlyCount "55"]
[EventDate "2024.10.02"]
[EventType "swiss"]
[EventRounds "14"]
[EventCountry "COL"]
[SourceTitle "EXT 2025"]
[Source "ChessBase"]
[SourceDate "2024.10.14"]
[SourceVersion "1"]
[SourceVersionDate "2024.10.14"]
[SourceQuality "1"]

1. e4 e6 2. d4 d5 3. exd5 exd5 4. Bd3 Bd6 5. Nf3 Nc6 6. c3 Nge7 7. Qc2 Bg4 8. Nbd2 Qd7 9. h3 Bf5 10. Nf1 0-0-0 11. Be3 f6 12. 0-0-0 Bxd3 13. Qxd3 Nf5 14. g4 Nxe3 15. Nxe3 Bf4 16. Rhe1 h5 17. Kb1 Bxe3 18. Qxe3 hxg4 19. hxg4 Qxg4 20. Ka1 g5 21. Nd2 Rh3 22. f3 Qd7 23. Qe2 a6 24. Nb3 a5 25. Nc5 Qd6 26. Qb5 Rf8 27. Qxb7+ Kd8 28. Qa8+ 1-0

[Event "Juegos Univers 31st blitz op"]
[Site "Pereira"]
[Date "2024.10.02"]
[Round "11"]
[White "Tobar Beltran, Jorge Esteban"]
[Black "Loaiza Cuervo, Santiago"]
[Result "1/2-1/2"]
[WhiteElo "1985"]
[BlackElo "2046"]
[PlyCount "150"]
[EventDate "2024.10.02"]
[EventType "swiss"]
[EventRounds "14"]
[EventCountry "COL"]
[SourceTitle "EXT 2025"]
[Source "ChessBase"]
[SourceDate "2024.10.14"]
[SourceVersion "1"]
[SourceVersionDate "2024.10.14"]
[SourceQuality "1"]

1. b3 c5 2. Bb2 d6 3. f4 Nc6 4. Nf3 Nf6 5. e3 a6 6. Be2 e6 7. 0-0 Be7 8. d3 Bd7 9. e4 Qc7 10. Qe1 h5 11. a3 d5 12. e5 Ng4 13. Bd1 Nh6 14. Nc3 Nf5 15. Bc1 h4 16. Bd2 f6 17. Rb1 Ncd4 18. Ne2 Nxf3+ 19. Rxf3 fxe5 20. fxe5 g5 21. d4 cxd4 22. Rxf5 exf5 23. Nxd4 0-0-0 24. Ba5 Qc5 25. Bc3 Kb8 26. b4 Qc7 27. b5 axb5 28. Be2 Rc8 29. Bd2 Bc5 30. c3 Bxd4+ 31. cxd4 Qc2 32. e6 Bxe6 33. Bxb5 Bf7 34. Ba6 Rc7 35. Bxg5 Re8 36. Qd1 Qxd1+ 37. Rxd1 bxa6 38. Bf4 Kc8 39. Bxc7 Kxc7 40. Rc1+ Kd6 41. Rc5 Re4 42. Ra5 Rxd4 43. Rxa6+ Ke5 44. Ra7 Rd2 45. Rxf7 d4 46. a4 d3 47. Rd7 Ke4 48. h3 Ke3 49. Re7+ Kd4 50. Rd7+ Ke4 51. a5 Ra2 52. Re7+ Kf4 53. Rd7 d2 54. Kh2 Ke3 55. Rd5 Rxa5 56. Rxa5 d1Q 57. Rxf5 Qd6+ 58. Kh1 Qd1+ 59. Kh2 Qd6+ 60. Kh1 Qg6 61. Rf3+ Ke2 62. Kh2 Qg5 63. Kh1 Qd5 64. Kh2 Qc6 65. Kh1 Qc7 66. Kg1 Qb8 67. Kh1 Qe5 68. Kg1 Qe7 69. Kh1 Qg7 70. Kg1 Qd4+ 71. Kh2 Qe5+ 72. Kg1 Qd4+ 73. Kh2 Qa7 74. Kh1 Qa1+ 75. Kh2 Qe5+ 1/2-1/2

[Event "Juegos Univers 31st rap op"]
[Site "Pereira"]
[Date "2024.10.02"]
[Round "7"]
[White "Tobar Beltran, Jorge Esteban"]
[Black "Loaiza Cuervo, Santiago"]
[Result "0-1"]
[WhiteElo "1985"]
[BlackElo "2046"]
[PlyCount "134"]
[EventDate "2024.10.01"]
[EventType "swiss"]
[EventRounds "7"]
[EventCountry "COL"]
[SourceTitle "EXT 2025"]
[Source "ChessBase"]
[SourceDate "2024.10.14"]
[SourceVersion "1"]
[SourceVersionDate "2024.10.14"]
[SourceQuality "1"]

1. d4 Nf6 2. Nf3 g6 3. e3 Bg7 4. c4 0-0 5. Nc3 d6 6. Be2 Nbd7 7. Qc2 e5 8. 0-0 Re8 9. d5 a5 10. e4 Nc5 11. Ne1 h6 12. Be3 b6 13. b3 Ng4 14. Bxg4 Bxg4 15. f3 Bd7 16. Nd3 f5 17. Nxc5 bxc5 18. Qd2 f4 19. Bf2 g5 20. Kh1 h5 21. Rg1 Kf7 22. Raf1 Bf6 23. Ne2 Qe7 24. Nc1 Rg8 25. Qe2 Rg7 26. Be1 h4 27. h3 Qd8 28. Bc3 Qc8 29. Nd3 Qa6 30. Nf2 Rgg8 31. Rb1 Rgb8 32. Rb2 Rb7 33. Rgb1 Rab8 34. a3 Bd8 35. Qd2 a4 36. Qc2 axb3 37. Qe2 Qxa3 38. Nd3 c6 39. Re1 Ba5 40. Bxa5 Qxa5 41. dxc6 Bxc6 42. Rd1 Ra8 43. Nc1 Qc3 44. Qd3 Qxb2 45. Kh2 Ra1 46. Qxd6 Rd7 47. Qxc6 Rxd1 48. Qc7+ Ke6 49. Qc8+ Rd7 50. Qc6+ Ke7 51. Qxc5+ Kd8 52. Qf8+ Kc7 53. Qc5+ Kb8 54. Nxb3 Raa7 55. Na5 Rxa5 56. Qxa5 Rd2 57. Kh1 Qc1+ 58. Kh2 Qb2 59. Kh1 Kb7 60. Qc5 Rxg2 61. Qe7+ Ka6 62. Qd6+ Ka5 63. Qc7+ Ka4 64. Qa7+ Kb3 65. Qb6+ Ka2 66. Qa5+ Qa3 67. Qe1 Rc2 0-1

[Event "Juegos Univers 31st blitz op"]
[Site "Pereira"]
[Date "2024.10.02"]
[Round "9"]
[White "Tobar Beltran, Jorge Esteban"]
[Black "Londono Lopez, Donaldo Eliuver"]
[Result "1-0"]
[WhiteElo "1985"]
[BlackElo "2145"]
[PlyCount "69"]
[EventDate "2024.10.02"]
[EventType "swiss"]
[EventRounds "14"]
[EventCountry "COL"]
[SourceTitle "EXT 2025"]
[Source "ChessBase"]
[SourceDate "2024.10.14"]
[SourceVersion "1"]
[SourceVersionDate "2024.10.14"]
[SourceQuality "1"]

1. d4 Nf6 2. Bg5 e6 3. Nd2 h6 4. Bh4 c5 5. e3 cxd4 6. exd4 Be7 7. Ngf3 b6 8. c3 Bb7 9. Bd3 d6 10. Qe2 0-0 11. 0-0 Qc7 12. Bg3 a6 13. Rae1 Nh5 14. Ne4 Nxg3 15. Nxg3 Nd7 16. h3 Nf6 17. Nh2 Qc6 18. f4 b5 19. a3 Rfe8 20. Rf2 Qc7 21. Nh5 Nxh5 22. Qxh5 Bd5 23. Ng4 Bf8 24. Re3 Kh8 25. Rg3 f5 26. Ne3 Be4 27. Bxe4 fxe4 28. f5 exf5 29. Rxf5 Qe7 30. Rf7 Qe6 31. Nf5 e3 32. Rg6 e2 33. Nxh6 e1Q+ 34. Kh2 gxh6 35. Rxf8+ 1-0

[Event "Juegos Univers 31st blitz op"]
[Site "Pereira"]
[Date "2024.10.02"]
[Round "7"]
[White "Tobar Beltran, Jorge Esteban"]
[Black "Rodriguez Valencia, Sebastian"]
[Result "0-1"]
[WhiteElo "1985"]
[BlackElo "1916"]
[PlyCount "128"]
[EventDate "2024.10.02"]
[EventType "swiss"]
[EventRounds "14"]
[EventCountry "COL"]
[SourceTitle "EXT 2025"]
[Source "ChessBase"]
[SourceDate "2024.10.14"]
[SourceVersion "1"]
[SourceVersionDate "2024.10.14"]
[SourceQuality "1"]

1. d4 Nf6 2. Bg5 g6 3. Bxf6 exf6 4. c4 Bg7 5. Nc3 f5 6. e3 0-0 7. g3 c5 8. dxc5 Qa5 9. Nge2 Qxc5 10. Qd5 Qb4 11. Rb1 Nc6 12. a3 Qb3 13. Bg2 d6 14. Qb5 Qxb5 15. Nxb5 Ne5 16. b3 Nd3+ 17. Kf1 Rd8 18. Ned4 a6 19. Nc7 Rb8 20. Nd5 Be6 21. Rd1 Nc5 22. b4 Ne4 23. f3 Nf6 24. Nxf6+ Bxf6 25. Rc1 b5 26. Nxe6 fxe6 27. c5 dxc5 28. bxc5 Bb2 29. Rc2 Bxa3 30. Kf2 Rbc8 31. e4 Bxc5+ 32. Ke2 Bb6 33. Rxc8 Rxc8 34. exf5 Rc2+ 35. Kd3 Rxg2 36. fxe6 Kf8 37. Rc1 Ke7 38. Rc6 Bd8 39. Rxa6 Rxh2 40. Ke4 Re2+ 41. Kd5 Rd2+ 42. Kc5 Rd3 43. Ra7+ Kf6 44. Rxh7 Kxe6 45. Rg7 Kf6 46. Rg8 Be7+ 47. Kxb5 Rxf3 48. g4 Rf4 49. Kc6 Rxg4 50. Kd5 Kf5 51. Rg7 Bf6 52. Rb7 Rd4+ 53. Kc6 g5 54. Rb5+ Kf4 55. Rb1 g4 56. Kc5 Kg5 57. Rf1 Rf4 58. Re1 g3 59. Re8 Kg4 60. Re2 Kf3 61. Ra2 g2 62. Kd6 g1Q 63. Ke6 Qb6+ 64. Kf7 Qb3+ 0-1

[Event "Juegos Univers 31st rap op"]
[Site "Pereira"]
[Date "2024.10.02"]
[Round "6"]
[White "Tobar Beltran, Jorge Esteban"]
[Black "Rojas Castillo, Leibnitz Edison"]
[Result "1/2-1/2"]
[WhiteElo "1985"]
[BlackElo "1951"]
[PlyCount "49"]
[EventDate "2024.10.01"]
[EventType "swiss"]
[EventRounds "7"]
[EventCountry "COL"]
[SourceTitle "EXT 2025"]
[Source "ChessBase"]
[SourceDate "2024.10.14"]
[SourceVersion "1"]
[SourceVersionDate "2024.10.14"]
[SourceQuality "1"]

1. b3 e5 2. Bb2 Nc6 3. e3 d5 4. Bb5 Bd6 5. Nf3 Qe7 6. d4 e4 7. Ne5 Bd7 8. Bxc6 bxc6 9. Nxd7 Qxd7 10. c4 Nf6 11. Nc3 0-0 12. c5 Be7 13. Qe2 a5 14. Na4 Qg4 15. Qxg4 Nxg4 16. Ke2 f5 17. f4 exf3+ 18. gxf3 Nf6 19. Kd3 g5 20. Rhg1 h6 21. Rg2 Kf7 22. Rf1 Rg8 23. Nc3 Kg6 24. Bc1 Rge8 25. h4 1/2-1/2

[Event "Juegos Univers 31st blitz op"]
[Site "Pereira"]
[Date "2024.10.02"]
[Round "3"]
[White "Tobar Beltran, Jorge Esteban"]
[Black "Valderrama Quiceno, Esteban Alberto"]
[Result "0-1"]
[WhiteElo "1985"]
[BlackElo "2407"]
[PlyCount "70"]
[EventDate "2024.10.02"]
[EventType "swiss"]
[EventRounds "14"]
[EventCountry "COL"]
[SourceTitle "EXT 2025"]
[Source "ChessBase"]
[SourceDate "2024.10.14"]
[SourceVersion "1"]
[SourceVersionDate "2024.10.14"]
[SourceQuality "1"]

1. d4 Nf6 2. Bg5 d5 3. Nd2 Bf5 4. e3 Nbd7 5. Ngf3 e6 6. c4 c6 7. Be2 h6 8. Bf4 Be7 9. 0-0 0-0 10. Qb3 Qc8 11. h3 a5 12. Ne5 Nxe5 13. Bxe5 a4 14. Qd1 Rd8 15. Rc1 Qd7 16. Nf3 Ne4 17. Nd2 Nd6 18. f3 Bg5 19. f4 Be7 20. Bxd6 Qxd6 21. c5 Qc7 22. Nf3 b6 23. cxb6 Qxb6 24. b3 Ba3 25. Rc3 Bb4 26. Rc1 axb3 27. Qxb3 Ra3 28. Qb2 Qa5 29. Ne5 Rxa2 30. Qb3 Qa3 31. Qxa3 Bxa3 32. Nxc6 Bxc1 33. Nxd8 Bxe3+ 34. Kh1 Rxe2 35. Nc6 Be4 0-1

[Event "Pan American-ch U2300"]
[Site "Balneario Camboriu"]
[Date "2024.09.29"]
[Round "8"]
[White "Medeiros, Thauane Ferreira"]
[Black "Tobar Beltran, Jorge Esteban"]
[Result "0-1"]
[WhiteElo "1913"]
[BlackElo "1985"]
[PlyCount "76"]
[EventDate "2024.09.24"]
[EventType "swiss"]
[EventRounds "9"]
[EventCountry "BRA"]
[SourceTitle "EXT 2025"]
[Source "ChessBase"]
[SourceDate "2024.10.14"]
[SourceVersion "1"]
[SourceVersionDate "2024.10.14"]
[SourceQuality "1"]

1. d4 f5 2. Nf3 Nf6 3. Bf4 d6 4. e3 h6 5. h4 g6 6. Nc3 Bg7 7. Bd3 0-0 8. Qd2 Nh5 9. Ne2 Qe8 10. e4 Nxf4 11. Nxf4 e5 12. dxe5 dxe5 13. Nd5 Qf7 14. 0-0-0 c6 15. Nc3 Be6 16. Qe2 Nd7 17. h5 g5 18. exf5 Bxf5 19. Ne4 Nb6 20. Kb1 Rad8 21. Rhe1 Rd5 22. Ng3 Bxd3 23. Rxd3 Ra5 24. a3 Nc4 25. Nd2 Nxb2 26. Rb3 Na4 27. Qc4 Qxc4 28. Nxc4 Rc5 29. Nb2 Nb6 30. Nd3 Ra5 31. Ne4 Rf7 32. Nd6 Rd7 33. Nf5 e4 34. Nxg7 exd3 35. Ne8 d2 36. Rd1 Kf7 37. Re3 Nc4 38. Re2 Re5 0-1

[Event "Pereira U2000 op"]
[Site "Pereira"]
[Date "2024.07.19"]
[Round "2"]
[White "Torres, Saulo de Jesus"]
[Black "Tobar Beltran, Jorge Esteban"]
[Result "0-1"]
[WhiteElo "1789"]
[BlackElo "1969"]
[PlyCount "68"]
[EventDate "2024.07.17"]
[EventType "swiss"]
[EventRounds "10"]
[EventCountry "COL"]
[SourceTitle "EXT 2025"]
[Source "ChessBase"]
[SourceDate "2024.10.14"]
[SourceVersion "1"]
[SourceVersionDate "2024.10.14"]
[SourceQuality "1"]

1. e4 b6 2. d4 Bb7 3. Bd3 Nf6 4. Nd2 e6 5. Ngf3 d5 6. e5 Nfd7 7. 0-0 c5 8. c3 Nc6 9. a3 Be7 10. Re1 Qc7 11. Nf1 h6 12. b4 c4 13. Bc2 g5 14. h3 0-0-0 15. a4 Rdg8 16. N3h2 Kb8 17. a5 b5 18. a6 Bc8 19. Ng3 f5 20. Nh5 Nf8 21. g4 f4 22. Nf3 Qd8 23. Bd2 Bd7 24. Qe2 Be8 25. Nf6 Bxf6 26. exf6 Qxf6 27. Ne5 h5 28. Kg2 Nxe5 29. Qxe5+ Qxe5 30. Rxe5 hxg4 31. hxg4 Rh4 32. Kf3 Kc8 33. Ra5 Kd8 34. Rxb5 Bxb5 0-1

[Event "Titled Tuesday intern op 25th Jun Early"]
[Site "Chess.com INT"]
[Date "2024.06.25"]
[Round "5"]
[White "Tobar Beltran, Jorge Esteban"]
[Black "Amgalantengis, Enkh Amgalan"]
[Result "0-1"]
[WhiteElo "1994"]
[BlackElo "1911"]
[PlyCount "100"]
[EventDate "2024.06.25"]
[EventType "swiss (blitz)"]
[EventRounds "11"]
[EventCountry "USA"]
[SourceTitle "EXT 2025"]
[Source "ChessBase"]
[SourceDate "2024.10.14"]
[SourceVersion "1"]
[SourceVersionDate "2024.10.14"]
[SourceQuality "1"]

1. d4 d5 2. Nf3 Nf6 3. Bg5 e6 4. Nbd2 Nbd7 5. e3 Bd6 6. Bd3 0-0 7. e4 dxe4 8. Nxe4 Be7 9. Nxf6+ Nxf6 10. 0-0 h6 11. Bf4 b6 12. c3 Bb7 13. Ne5 c5 14. dxc5 Bxc5 15. Qe2 Qd5 16. Nf3 Rfd8 17. Rad1 Qh5 18. Ne5 Qxe2 19. Bxe2 Nd5 20. Bg3 f5 21. h4 g5 22. hxg5 hxg5 23. Bh5 f4 24. Bh2 Kg7 25. Bg4 Bd6 26. Nc4 e5 27. Bf3 Bc7 28. Nd2 Rd7 29. c4 g4 30. Bxd5 Bxd5 31. cxd5 Rxd5 32. Nc4 Rc5 33. b3 b5 34. Nb2 e4 35. Rd7+ Kf6 36. Rxc7 Rxc7 37. Bxf4 Rc2 38. Nd1 Rxa2 39. Bd6 a5 40. Nc3 Rb2 41. Nxe4+ Kf7 42. Nc5 a4 43. bxa4 bxa4 44. Be5 Rb5 45. Nd3 a3 46. Ba1 a2 47. Kh2 Rb1 48. Re1 Rab8 49. Kg3 R8b3 50. Kxg4 Rxd3 0-1

[Event "American Continental Rapid 18th"]
[Site "Medellin"]
[Date "2024.06.01"]
[Round "1"]
[White "Bravo Padilla, Hernan David"]
[Black "Tobar Beltran, Jorge Esteban"]
[Result "1/2-1/2"]
[WhiteElo "1597"]
[BlackElo "1994"]
[PlyCount "180"]
[EventDate "2024.06.01"]
[EventType "swiss (rapid)"]
[EventRounds "9"]
[EventCountry "COL"]
[SourceTitle "CBM 220 Extra"]
[Source "ChessBase"]
[SourceDate "2024.07.31"]
[SourceVersion "1"]
[SourceVersionDate "2024.07.31"]
[SourceQuality "1"]

1. e4 b6 2. d4 Bb7 3. Nc3 e6 4. Nf3 Bb4 5. Bd3 Nf6 6. Qe2 d5 7. e5 Ne4 8. 0-0 Nxc3 9. bxc3 Be7 10. Nd2 c5 11. Qg4 g6 12. f4 Nc6 13. Nf3 c4 14. Be2 h6 15. Be3 Qd7 16. a4 0-0-0 17. Rfb1 Rdg8 18. h4 Rg7 19. Kf2 Rhg8 20. Bf1 Bd8 21. g3 Ne7 22. Be2 Bc6 23. a5 bxa5 24. Rg1 a4 25. Ra3 Nf5 26. Qh3 h5 27. Ng5 Qb7 28. Qf1 Ba5 29. Qa1 Bb6 30. Rb1 Rd8 31. Bf3 Rd7 32. Rb4 a5 33. Rb1 Qb8 34. Nh3 Rb7 35. Rd1 Bd8 36. Ra2 Be7 37. Ng5 Bxg5 38. fxg5 Rg8 39. Bf4 Rb6 40. Qc1 Qa7 41. Qa3 Qe7 42. Qc1 Kc7 43. Qd2 Rgb8 44. Rda1 Rb1 45. Qe2 Rxa1 46. Rxa1 Rb2 47. Bc1 Rb7 48. Ba3 Qd8 49. Kg2 Kd7 50. Kh3 Qb8 51. Qe1 Qa8 52. g4 hxg4+ 53. Bxg4 Ng7 54. Qf2 Qg8 55. Qf6 Kc8 56. Kg3 Ne8 57. Qf4 Nc7 58. Rh1 Nb5 59. Bc5 Nxc3 60. Bf3 Nb5 61. h5 gxh5 62. Rxh5 Qg6 63. Rh8+ Kc7 64. Rf8 a3 65. Rxf7+ Bd7 66. Bxd5 a2 67. Be4 Qh5 68. Bf3 Qxf7 69. Qxf7 a1Q 70. Bxb7 Qg1+ 71. Bg2 Qe3+ 72. Kg4 a4 73. Qf3 Qxf3+ 74. Bxf3 Be8 75. Be2 Bg6 76. Bxc4 a3 77. Bxe6 Kc6 78. Bxa3 Nxd4 79. Bb3 Nxc2 80. Bxc2 Bxc2 81. Kh5 Kd5 82. Bd6 Ke6 83. g6 Kd7 84. Kh6 Bb3 85. Kg7 Ke8 86. Kf6 Bc2 87. e6 Bd3 88. g7 Bh7 89. Kg5 Bg8 90. Kf5 Bh7+ 1/2-1/2

[Event "American Continental Blitz 18th"]
[Site "Medellin"]
[Date "2024.05.29"]
[Round "8"]
[White "Caballero Marrugo, David Jose"]
[Black "Tobar Beltran, Jorge Esteban"]
[Result "1-0"]
[WhiteElo "2159"]
[BlackElo "2002"]
[PlyCount "233"]
[EventDate "2024.05.29"]
[EventType "swiss (blitz)"]
[EventRounds "9"]
[EventCountry "COL"]
[SourceTitle "CBM 220 Extra"]
[Source "ChessBase"]
[SourceDate "2024.07.31"]
[SourceVersion "1"]
[SourceVersionDate "2024.07.31"]
[SourceQuality "1"]

1. b3 b6 2. Bb2 Bb7 3. e3 e6 4. f4 f5 5. Nf3 Nf6 6. d4 Be7 7. Bd3 0-0 8. 0-0 Ne4 9. Qe2 Bf6 10. Nbd2 Nxd2 11. Nxd2 d5 12. Nf3 Nd7 13. Rac1 Nc5 14. Ba3 Nxd3 15. cxd3 Rf7 16. Rc2 Ba6 17. Rfc1 Rc8 18. Rc6 Qd7 19. R6c2 Qb5 20. Rc3 Qa5 21. Bb2 Bb5 22. a3 Be8 23. g3 Rd7 24. Ne5 Bxe5 25. fxe5 Rf7 26. Qc2 c6 27. b4 Qa6 28. a4 Rd8 29. Qb3 g5 30. Rf1 Bd7 31. Rcc1 Rdf8 32. Ba3 b5 33. axb5 Qxb5 34. Rc5 Qb6 35. Bc1 Bc8 36. Qc3 Bd7 37. Bd2 Rb8 38. Ra1 Be8 39. Rca5 Rfb7 40. Ra6 Qc7 41. Qc5 Ra8 42. R1a5 Qd7 43. Bc3 h5 44. Bd2 Kh7 45. Ra1 Kg6 46. Qc2 Kg7 47. e4 dxe4 48. Be3 exd3 49. Qxd3 Qd5 50. Bxg5 Rxb4 51. Bf6+ Kf8 52. Qe3 Qxd4 53. Qxd4 Rxd4 54. Rxa7 Rxa7 55. Rxa7 Rd7 56. Ra5 Rc7 57. Rc5 Kf7 58. Kf2 Bd7 59. Ke3 Bc8 60. Kf4 Kg6 61. h3 Ba6 62. Bd8 Rc8 63. Be7 Bd3 64. Ra5 Rc7 65. Bc5 Bf1 66. Ra8 Bxh3 67. Re8 Kf7 68. Rf8+ Kg7 69. Rf6 Rb7 70. Rxe6 Rb5 71. Rxc6 Bg2 72. Rc7+ Kg8 73. Kxf5 Rb3 74. Kf4 Rf3+ 75. Kg5 Rxg3+ 76. Kxh5 Bh3 77. Be7 Re3 78. Bf6 Be6 79. Kg6 Rg3+ 80. Kh5 Bf7+ 81. Kh4 Re3 82. Kg5 Rg3+ 83. Kf4 Rd3 84. Kf5 Rf3+ 85. Ke4 Rf1 86. Rc8+ Kh7 87. Rh8+ Kg6 88. Rh2 Be6 89. Rg2+ Kf7 90. Rg7+ Kf8 91. Kd4 Rd1+ 92. Kc5 Bf7 93. Rg2 Rd5+ 94. Kc6 Rd3 95. Rb2 Be8+ 96. Kc5 Kf7 97. Kc4 Rd7 98. Rb6 Rc7+ 99. Kd5 Ra7 100. Bg5 Bd7 101. Bd2 Ra2 102. Bb4 Be8 103. e6+ Kf6 104. Bc3+ Kg6 105. Rb8 Ba4 106. Kd6 Re2 107. e7 Kf7 108. Rf8+ Kg6 109. Be5 Rd2+ 110. Kc7 Re2 111. Bd6 Kh6 112. Kd8 Kg6 113. Rf4 Rd2 114. Rxa4 Rxd6+ 115. Kc7 Re6 116. Kd7 Kf5 117. Rf4+ 1-0

[Event "American Continental Blitz 18th"]
[Site "Medellin"]
[Date "2024.05.29"]
[Round "1"]
[White "Tobar Beltran, Jorge Esteban"]
[Black "Lucio Pinzon, Santiago"]
[Result "1-0"]
[WhiteElo "2002"]
[BlackElo "1563"]
[PlyCount "92"]
[EventDate "2024.05.29"]
[EventType "swiss (blitz)"]
[EventRounds "9"]
[EventCountry "COL"]
[SourceTitle "CBM 220 Extra"]
[Source "ChessBase"]
[SourceDate "2024.07.31"]
[SourceVersion "1"]
[SourceVersionDate "2024.07.31"]
[SourceQuality "1"]

1. d4 d5 2. Bg5 Nf6 3. Nd2 e6 4. e3 Be7 5. Bd3 0-0 6. f4 b6 7. Qe2 Bb7 8. Bxf6 Bxf6 9. Ngf3 Nd7 10. 0-0 c5 11. c3 Rc8 12. Ne5 c4 13. Bc2 Be7 14. Qh5 Nf6 15. Qf3 Re8 16. g4 g6 17. Kh1 b5 18. a3 a5 19. f5 exf5 20. gxf5 Rf8 21. Qh3 Nh5 22. Rg1 Ng7 23. Raf1 Bf6 24. Ndf3 Qd6 25. Rg2 b4 26. axb4 axb4 27. Ng4 Nh5 28. Nxf6+ Nxf6 29. Ng5 Nh5 30. Qxh5 gxh5 31. Ne4+ Kh8 32. Nxd6 Rc7 33. Rfg1 f6 34. Nxb7 Rxb7 35. e4 bxc3 36. bxc3 dxe4 37. Bxe4 Rd7 38. Bc6 Rd6 39. d5 Rdd8 40. Re2 Rg8 41. Rxg8+ Kxg8 42. Re8+ Rxe8 43. Bxe8 Kf8 44. Bxh5 Ke7 45. Be2 h6 46. Bxc4 Kd6 1-0

[Event "American Continental 18th"]
[Site "Medellin"]
[Date "2024.05.27"]
[Round "6"]
[White "Correa, Daniel"]
[Black "Tobar Beltran, Jorge Esteban"]
[Result "1-0"]
[WhiteElo "1792"]
[BlackElo "2002"]
[PlyCount "119"]
[EventDate "2024.05.24"]
[EventType "swiss"]
[EventRounds "11"]
[EventCountry "COL"]
[SourceTitle "CBM 220 Extra"]
[Source "ChessBase"]
[SourceDate "2024.07.31"]
[SourceVersion "1"]
[SourceVersionDate "2024.07.31"]
[SourceQuality "1"]

1. d4 f5 2. c4 Nf6 3. Nf3 g6 4. g3 Bg7 5. Bg2 0-0 6. 0-0 d6 7. Nc3 Qe8 8. e4 Nxe4 9. Nxe4 fxe4 10. Ng5 Nc6 11. Be3 e5 12. d5 Ne7 13. Nxe4 Nf5 14. b4 Bd7 15. c5 a5 16. a3 Nxe3 17. fxe3 Bf5 18. Nd2 Qd7 19. Nc4 Bg4 20. Qb3 a4 21. Qc2 Qe7 22. cxd6 cxd6 23. Nb6 Ra6 24. Rxf8+ Qxf8 25. Qc7 Qf7 26. Qxd6 Bf8 27. Qd8 Qe7 28. Qxe7 Bxe7 29. Nc4 b5 30. Na5 Bg5 31. Re1 Bd7 32. Nb7 Rf6 33. Nc5 Be8 34. Ne4 Rf5 35. Bh3 Bd8 36. Bxf5 gxf5 37. Nd6 Bd7 38. Rf1 Bb6 39. Nxf5 Kf7 40. Kg2 e4 41. Nd4+ Ke7 42. Rf4 Bxd4 43. exd4 Kd6 44. Rxe4 Kxd5 45. Re7 Bc6 46. Rxh7 Kc4+ 47. Kf2 Kb3 48. Rc7 Bd5 49. Rc5 Bg8 50. Rxb5 Kxa3 51. d5 Kb3 52. d6 Be6 53. h4 a3 54. h5 Bd7 55. Ra5 Ba4 56. Re5 a2 57. Re1 Kb2 58. h6 Bc2 59. d7 Bb1 60. d8Q 1-0